Normal view
MARC view
Entry Personal Name
001 - CONTROL NUMBER
- control field: 515200
003 - CONTROL NUMBER IDENTIFIER
- control field: OSt
005 - DATE AND TIME OF LATEST TRANSACTION
- control field: 20220928150108.0
008 - FIXED-LENGTH DATA ELEMENTS
- fixed length control field: 220928|| aca||aabn | a|a d
040 ## - CATALOGING SOURCE
- Original cataloging agency: OSt
- Transcribing agency: OSt
100 ## - HEADING--PERSONAL NAME
- Personal name: Shukal Virender Kumar
670 ## - SOURCE DATA FOUND
- Source citation: Work cat.: (OSt)839513: Vajpayee Krishan Dutta 515199, Vishw ke rajneetik darshan ka ethihas, 1992
